Igaz történetet tanítsunk összehasonlító tanulmány hét tankönyvről /

Elmentve itt :
Bibliográfiai részletek
Szerző: Erdélyi László
Dokumentumtípus: Könyv
Megjelent: Prometheus nyomda Szeged, Magyarország 1932
Kulcsszavak:Történelem tanítása - középiskola - segédkönyv, Történelem tanítása - Magyarország - tanulmányok, Történelem tanítása - tankönyvírás - tanulmányok
Tárgyszavak:
Online Access:http://misc.bibl.u-szeged.hu/58177
LEADER 00898nam a2200193 i 4500
001 misc58177
005 20210617144400.0
008 210617s1932 hu o 0|| hun d
040 |a SZTE Miscellanea Repozitórium  |b hun 
041 |a hun 
100 1 |a Erdélyi László 
245 1 0 |a Igaz történetet tanítsunk   |h [elektronikus dokumentum] :  |b összehasonlító tanulmány hét tankönyvről /  |c  Erdélyi László 
260 |a Prometheus nyomda  |b Szeged, Magyarország  |c 1932 
300 |a 75 p.  |c 23 cm 
650 4 |a Társadalomtudományok 
650 4 |a Oktatástudomány 
650 4 |a Általános oktatás (benne képzés, pedagógia, didaktika) 
695 |a Történelem tanítása - középiskola - segédkönyv, Történelem tanítása - Magyarország - tanulmányok, Történelem tanítása - tankönyvírás - tanulmányok 
856 4 0 |u http://misc.bibl.u-szeged.hu/58177/1/xb_145792.pdf  |z Dokumentum-elérés